000 00513nam a22001937a 4500
003 MPLRDC
005 20220104125504.0
008 210129b ||||| |||| 00| 0 eng d
020 _a957-33-1820-0
082 _a857.621 ZC-3 v.2
100 _a张草
245 _a诸神灭亡
_c
250 _a初版三刷
260 _a台湾
_b皇冠文化出版有限公司
_c2006
300 _b301
490 _a皇冠丛书: 第3148种; JOY: 18
650 _a中国文学--长篇小说
942 _cBK
_o857.621 ZC-3 v.2
999 _c27766
_d27756